Pokemon commençant par la lettre R - Gen 1 à 9 - Statistiques

Statistiques générales
  • Ce quiz a été pris 45 fois
  • Le résultat moyen est 31 sur 49
Statistiques - réponses
Réponse % Correct
Rattata
88%
Rondoudou
88%
Raichu
82%
Regirock
82%
Registeel
82%
Roucoups
82%
Rattatac
79%
Roucarnage
79%
Roucool
79%
Regice
76%
Regigigas
76%
Roigada
76%
Ronflex
76%
Racaillou
74%
Ramoloss
74%
Rapasdepic
74%
Rhinoféros
74%
Raikou
71%
Regieleki
71%
Rhinocorne
71%
Rosélia
71%
Rozbouton
71%
Regidrago
68%
Rémoraid
68%
Rhinastoc
68%
Roserade
68%
Reptincel
65%
Ramboum
62%
Roitiflam
62%
Ratentif
59%
Rayquaza
59%
Riolu
56%
Reshiram
53%
Rhinolove
53%
Rongourmand
53%
Rongrigou
53%
Rafflésia
50%
Rexillius
50%
Rocabot
50%
Rapion
47%
Rototaupe
47%
Rubombelle
47%
Roublenard
44%
Relicanth
41%
Rosabyss
38%
Roussil
38%
Rugit-Lune
35%
Rampe-Ailes
32%
Roue-de-Fer
32%
Aucun quiz correspondant
Distribution des résultats
% des personnes avec chaque résultat
Percentile par nombre de réponses
Votre historique - résultats
Vous n’avez pas pris ce quiz